Disaster management : (Record no. 56573)

MARC details
000 -LEADER
fixed length control field 00957nam a22002657a 4500
005 - DATE AND TIME OF LATEST TRANSACTION
control field 20110913162859.0
008 - FIXED-LENGTH DATA ELEMENTS--GENERAL INFORMATION
fixed length control field 110913t xxu||||| |||| 00| 0 eng d
010 ## - LCCN (DPL NO)
LC control number ENG-103678
020 ## - INTERNATIONAL STANDARD BOOK NUMBER
International Standard Book Number 9789380502724
Terms of availability 840.00
035 ## - SYSTEM CONTROL NUMBER
System control number EN-87211
037 ## - SOURCE OF ACQUISITION
Source of stock number/acquisition DBAD/PUB
040 ## - CATALOGING SOURCE
Original cataloging agency DPL
Language of cataloging Eng
082 00 - DEWEY DECIMAL CLASSIFICATION NUMBER
Classification number 363.34
100 1# - MAIN ENTRY--PERSONAL NAME
Personal name Dagur, O.S.
9 (RLIN) 34724
245 10 - TITLE STATEMENT
Title Disaster management :
Statement of responsibility, etc by O.S. Dagur
Remainder of title an appraisal of institutional mechanisms in India /
260 ## - PUBLICATION, DISTRIBUTION, ETC. (IMPRINT)
Place of publication, distribution, etc New Delhi
Name of publisher, distributor, etc KW Publishers
Date of publication, distribution, etc 2011
270 ## - ADDRESS
Address 4676/21, First Floor, Ansari Road, Daryaganj
City New Delhi
Postal code 110002
300 ## - PHYSICAL DESCRIPTION
Extent xvi,385p. :
Dimensions 25cm (Hb)
Other physical details maps
500 ## - GENERAL NOTE
General note Includes index
650 #0 - SUBJECT ADDED ENTRY--TOPICAL TERM
9 (RLIN) 34725
700 ## - ADDED ENTRY--PERSONAL NAME
9 (RLIN) 34727
942 ## - ADDED ENTRY ELEMENTS (KOHA)
Source of classification or shelving scheme Dewey Decimal Classification
Item type English Books
Classification part 363.34
Call number suffix DAG
Holdings
Withdrawn status Lost status Source of classification or shelving scheme Damaged status Not for loan Collection code Home library Current library Date acquired Source of acquisition Cost, normal purchase price Total Checkouts Full call number Barcode Date last seen Copy number Cost, replacement price Koha item type
    Dewey Decimal Classification   Not For Loan Non-fiction D.B.Act.Division D.B.Act.Division 13/09/2011 DBAD/PUB 840.00   363.34 DAG EN-87211 13/09/2011 1 840.00 English Books

© Delhi Public Library
Hit Counter
free hit counter